Guess the Star Wars ships - Statistics

General Stats
  • This quiz has been taken 32 times
  • The average score is 7 of 16
Answer Stats
Picture Answer % Correct
Tie fighter
93%
x-wing
89%
Death star
86%
Millennium falcon
86%
Ghost
64%
B-wing
61%
star destroyer
61%
Venator
61%
Home one
39%
Lucrehulk
25%
Light cruiser
21%
Nebulon b frigate
18%
Raddus
18%
The supremacy
11%
Finalizer
4%
Fulminatrix
0%
No matching quizzes found
Score Distribution
Percent of People with Each Score
Percentile by Number Answered
Your Score History
You have not taken this quiz